000 00304nam a22001217a 4500
008 160429b xxu||||| |||| 00| 0 eng d
020 _a9780838570647
020 _a083857064
041 _aeng
080 _a618.2
245 _aNursing foundations:
_cBeverly Witter Du Gas; Emily R. Knor;
942 _2udc
_cBK
999 _c1680
_d1680